El tiempo semejante /

Detalles Bibliográficos
Autor principal: Astudillo S., Juan Carlos, 1979- (Autor)
Formato: Electrónico eBook
Lenguaje:español
Publicado: Cuenca, Ecuador : Universidad del Azuay, Casa Editora, [2019]
Colección:Litterae (Cuenca, Ecuador)
Materias:
Acceso en línea:Digitalia Hispánica

MARC

LEADER 00000nam a2200000Ii 4500
001 DIGUAZUAY0085
003 NyNyDIG
006 m o d
007 cr |||||||||||
008 250103s2019 ec o 000 p spa d
035 |a (OCoLC)1491108003 
040 |a DGITA  |b eng  |e rda  |e pn  |c DGITA 
020 |a 9789942822376  |q eBook 
020 |z 9789942822482 
050 1 4 |a PQ8220.1.S78 ebook 
100 1 |a Astudillo S., Juan Carlos,  |d 1979-  |e author. 
245 1 3 |a El tiempo semejante /  |c Juan Carlos Astudillo S. 
264 1 |a Cuenca, Ecuador :  |b Universidad del Azuay, Casa Editora,  |c [2019] 
300 |a 1 online resource. 
336 |a text  |b txt  |2 rdacontent 
337 |a computer  |b c  |2 rdamedia 
338 |a online resource  |b cr  |2 rdacarrier 
347 |a text file  |2 rdaft 
347 |b PDF 
490 1 |a Litterae 
588 0 |a Online resource; title from PDF title page (Digitalia, viewed January 3, 2025) 
655 7 |a Poetry.  |2 lcgft 
791 2 |a Digitalia (Firm),  |e distributor. 
793 0 |g Digitalia eBook Collection:  |a Universidad del Azuay 
776 0 8 |i Print version:  |a Astudillo S., Juan Carlos, 1979-  |t Tiempo semejante.  |d Cuenca, Ecuador : Universidad del Azuay, Casa Editora, [2019]  |z 9789942822482 
830 0 |a Litterae (Cuenca, Ecuador) 
856 4 0 |3 Digitalia Hispánica  |u https://www.digitaliapublishing.com/a/133468/ 
910 |a Premium collection: 2025